Sports Quiz

Random Sports Quiz

Multiple Games, Same BCS Location Quiz Stats

 Plays Quiz not verified by Sporcle

Challenge
Share
Tweet
Embed
Score 0/29 Timer 03:00
0 Plays Today
Location Team % Correct
Rose BowlMichigan
96.3%
Fiesta BowlOhio State
95.3%
Fiesta BowlOklahoma
95.3%
Orange BowlFlorida
95.3%
Sugar BowlOhio State
95.3%
Sugar BowlFlorida
95.3%
Sugar BowlOklahoma
95.3%
Orange BowlOklahoma
95.3%
Rose BowlSouthern California
94.4%
Sugar BowlAlabama
94.4%
Orange BowlSouthern California
94.4%
Orange BowlAlabama
94.4%
Rose BowlTexas
93.5%
Sugar BowlFlorida State
89.7%
Orange BowlFlorida State
89.7%
Location Team % Correct
Rose BowlWisconsin
87.9%
Rose BowlOregon
86.9%
Fiesta BowlOregon
86.9%
Sugar BowlLouisiana State
86.9%
Rose BowlStanford
86%
Sugar BowlGeorgia
86%
Fiesta BowlBoise State
76.6%
Orange BowlClemson
72.9%
Sugar BowlVirginia Tech
71%
Orange BowlVirginia Tech
71%
Fiesta BowlTennessee
70.1%
Fiesta BowlNotre Dame
69.2%
Fiesta BowlKansas State
63.6%
Orange BowlIowa
60.7%

You're not logged in!

Compare scores with friends on all Sporcle quizzes.
OR
Log In

You Might Also Like...

Show Comments

Extras

Top Quizzes Today


Score Distribution

Your Account Isn't Verified!

In order to create a playlist on Sporcle, you need to verify the email address you used during registration. Go to your Sporcle Settings to finish the process.

Report this User

Report this user for behavior that violates our Community Guidelines.

Details: